Normal view MARC view
  • Paul, Clayton .R, Whites, Keith .W, Nasar, Syed .A

Entry Personal Name

Number of records used in: 2

001 - CONTROL NUMBER

  • control field: 66735

003 - CONTROL NUMBER IDENTIFIER

  • control field: NUST

005 - DATE AND TIME OF LATEST TRANSACTION

  • control field: 20210628203646.0

008 - FIXED-LENGTH DATA ELEMENTS

  • fixed length control field: 210628|| aca||aabn | a|a d

040 ## - CATALOGING SOURCE

  • Original cataloging agency: NUST
  • Transcribing agency: NUST

100 ## - HEADING--PERSONAL NAME

  • Personal name: Paul, Clayton .R, Whites, Keith .W, Nasar, Syed .A

670 ## - SOURCE DATA FOUND

  • Source citation: Work cat.: (NUST): Paul, Clayton .R, Whites, Keith .W, Nasar, Syed .A, Introduction to electromagnetic field, 1998
© 2023 Central Library, National University of Sciences and Technology. All Rights Reserved.